1372 1656 1822 1569 1935 1259 1799 1016 1726 1732 1130 1413 1904 1977 1016 1754 1113 1462 1441 1373 1510 1013 1497 1640 1242 1378 1465 1193 1188 1501 1301 1594 1664 1350 1087 1480 1355 1906 1523 1075 1918 1137 1245 1751 1501 1639 1507 1217 1289 1275 1290 1974 1247 1497 1425 1536 1025 1726 1004 1705 1730 1308 1576 1407 1092 1241 1438 1028 1094 1456 1098 1863 1665 1395 1065 1174 1442 1030 1007 1883 1121 1483 1339 1244 1036 1954 1692 1258 1403 1024 1753 1263 1681 1213 1732 1788 1220 1412 1781 BCNSPRNW ULIB Ver.6.0+V

เปลี่ยนเป็นภาษาไทย

Change to English
 แสดงรายละเอียดบรรณานุกรม
  กลับหน้าหลัก

Brief Record : Get Marc (ISO 2709) : E-mail record : QR code < ปิดหน้าต่าง
LEADER : 00000nam 2200000uu 4500
001    13399114559
003     ULIB
008    110627s2550||||th 000 0 tha d
020    9789749899342
090    นว.^bย731ค ล.9
100 0  โยโคมิโซะ เซซิ
245 00 คินดะอิจิยอดนักสืบ ตอนที่ 9 ในห้องที่ปิดตาย /^cโยโคมิโซะ เซซิ
250    พิมพ์ครั้งที่ 1
260    กรุงเทพฯ :^bBLISS publishing,^c2550
300    284 หน้า
710 1  BLISS publishing
945    ^p220^l0^i022063
995    ทศพร
999 ^a ใช้งานได้ทุกระบบ
รายการนี้ยังไม่มีแท็ก
คุณยังไม่ได้ล็อกอิน คุณสามารถมีกิจกรรมร่วมกับเว็บไซต์ได้ แต่ต้องล็อกอินก่อน ::
  ล็อกอิน

รายการสื่อสารสนเทศ

ลำดับที่ ประเภท เลขเรียก/บาร์โค้ด สถานที่ สถานะ
1. นวนิยาย
นวนิยาย
นว. ย731ค ล.9 ฉ.1 
  Barcode: 022063
ห้องสมุดวิทยาเขตสวรรค์ประชารักษ์
►นวนิยาย
บนชั้น
  ขอยืม

รายการใกล้เคียง
    ผู้แต่ง [โยโคมิโซะ เซซิ]

BibComment


ยังไม่เคยถูกคอมเมนท์

คอมเมนท์ทรัพยากรรายการนี้
  คอมเมนท์: คินดะอิจิยอดนักสื..


 Copyright 2026. Bcnsprnw @Library